000 00673nac a22001931u 4500
010 _a00041656
020 _a0130162833
020 _a8129706814
082 0 0 _a006.6
_bC7742
090 _c596
_d596
100 _aCooley, Peter.
245 1 4 _aThe essence of computer graphics /
_cPeter Cooley.
260 _aNew Delhi :
_bPrentice Hall,
_cc2004.
300 _a196 p. :
_bill. ;
_c23 cm.
504 _aIncludes bibliographical references and index.
650 0 _aComputer graphics.
942 _cBB
_k006.6C7742
999 _c596
_d596